<?xml version="1.0" encoding="UTF-8"?>
<collection xmlns="http://www.loc.gov/MARC21/slim">
 <record>
  <leader>04208cam a2200745   4500</leader>
  <controlfield tag="001">1072668483</controlfield>
  <controlfield tag="003">DE-627</controlfield>
  <controlfield tag="005">20230625180058.0</controlfield>
  <controlfield tag="007">tu</controlfield>
  <controlfield tag="008">850101s1970    gw ||||| m    00| ||ger c</controlfield>
  <datafield tag="016" ind1="7" ind2=" ">
   <subfield code="a">458844799</subfield>
   <subfield code="2">DE-101</subfield>
  </datafield>
  <datafield tag="035" ind1=" " ind2=" ">
   <subfield code="a">(DE-627)1072668483</subfield>
  </datafield>
  <datafield tag="035" ind1=" " ind2=" ">
   <subfield code="a">(DE-576)002668483</subfield>
  </datafield>
  <datafield tag="035" ind1=" " ind2=" ">
   <subfield code="a">(DE-599)BSZ002668483</subfield>
  </datafield>
  <datafield tag="035" ind1=" " ind2=" ">
   <subfield code="a">(OCoLC)600629817</subfield>
  </datafield>
  <datafield tag="035" ind1=" " ind2=" ">
   <subfield code="a">(OCoLC)938782786</subfield>
  </datafield>
  <datafield tag="040" ind1=" " ind2=" ">
   <subfield code="a">DE-627</subfield>
   <subfield code="b">ger</subfield>
   <subfield code="c">DE-627</subfield>
   <subfield code="e">rakwb</subfield>
  </datafield>
  <datafield tag="041" ind1=" " ind2=" ">
   <subfield code="a">ger</subfield>
  </datafield>
  <datafield tag="044" ind1=" " ind2=" ">
   <subfield code="c">XA-DE</subfield>
  </datafield>
  <datafield tag="084" ind1=" " ind2=" ">
   <subfield code="a">12a</subfield>
   <subfield code="2">sdnb</subfield>
  </datafield>
  <datafield tag="084" ind1=" " ind2=" ">
   <subfield code="a">1</subfield>
   <subfield code="2">ssgn</subfield>
  </datafield>
  <datafield tag="084" ind1=" " ind2=" ">
   <subfield code="a">LM 80542</subfield>
   <subfield code="2">rvk</subfield>
   <subfield code="0">(DE-625)rvk/101373:4</subfield>
  </datafield>
  <datafield tag="084" ind1=" " ind2=" ">
   <subfield code="a">LM 34800</subfield>
   <subfield code="2">rvk</subfield>
   <subfield code="0">(DE-625)rvk/101148:</subfield>
  </datafield>
  <datafield tag="084" ind1=" " ind2=" ">
   <subfield code="a">21.70</subfield>
   <subfield code="2">bkl</subfield>
  </datafield>
  <datafield tag="100" ind1="1" ind2=" ">
   <subfield code="a">Schlink, Wilhelm</subfield>
   <subfield code="d">1939-2018</subfield>
   <subfield code="0">(DE-588)115437320</subfield>
   <subfield code="0">(DE-627)077252543</subfield>
   <subfield code="0">(DE-576)162920938</subfield>
   <subfield code="4">aut</subfield>
  </datafield>
  <datafield tag="245" ind1="1" ind2="0">
   <subfield code="a">Zwischen Cluny und Clairvaux</subfield>
   <subfield code="b">die Kathedrale von Langres und die burgundische Architektur des 12. Jahrhunderts</subfield>
   <subfield code="c">von Wilhelm Schlink</subfield>
  </datafield>
  <datafield tag="264" ind1=" " ind2="1">
   <subfield code="a">Berlin</subfield>
   <subfield code="b">de Gruyter</subfield>
   <subfield code="c">1970</subfield>
  </datafield>
  <datafield tag="300" ind1=" " ind2=" ">
   <subfield code="a">159 S., 19 Bl.</subfield>
   <subfield code="b">Ill., Kt.</subfield>
  </datafield>
  <datafield tag="336" ind1=" " ind2=" ">
   <subfield code="a">Text</subfield>
   <subfield code="b">txt</subfield>
   <subfield code="2">rdacontent</subfield>
  </datafield>
  <datafield tag="337" ind1=" " ind2=" ">
   <subfield code="a">ohne Hilfsmittel zu benutzen</subfield>
   <subfield code="b">n</subfield>
   <subfield code="2">rdamedia</subfield>
  </datafield>
  <datafield tag="338" ind1=" " ind2=" ">
   <subfield code="a">Band</subfield>
   <subfield code="b">nc</subfield>
   <subfield code="2">rdacarrier</subfield>
  </datafield>
  <datafield tag="490" ind1="1" ind2=" ">
   <subfield code="a">Beiträge zur Kunstgeschichte</subfield>
   <subfield code="v">Bd. 4</subfield>
  </datafield>
  <datafield tag="500" ind1=" " ind2=" ">
   <subfield code="a">Literaturverz. S. 143 - 153</subfield>
  </datafield>
  <datafield tag="502" ind1=" " ind2=" ">
   <subfield code="a">Teilw. zugl.: Würzburg, Univ., Diss., 1967</subfield>
  </datafield>
  <datafield tag="583" ind1="1" ind2=" ">
   <subfield code="a">Archivierung/Langzeitarchivierung gewährleistet</subfield>
   <subfield code="c">20211026</subfield>
   <subfield code="f">SLG</subfield>
   <subfield code="z">Buchnachlass</subfield>
   <subfield code="2">pdager</subfield>
   <subfield code="5">DE-25</subfield>
  </datafield>
  <datafield tag="583" ind1="1" ind2=" ">
   <subfield code="a">Archivierung/Langzeitarchivierung gewährleistet</subfield>
   <subfield code="c">20211220</subfield>
   <subfield code="f">SLG</subfield>
   <subfield code="z">Provenienz</subfield>
   <subfield code="2">pdager</subfield>
   <subfield code="5">DE-25</subfield>
  </datafield>
  <datafield tag="583" ind1="1" ind2=" ">
   <subfield code="a">Massenentsäuert</subfield>
   <subfield code="c">2015</subfield>
   <subfield code="k">DE-18</subfield>
   <subfield code="2">pdager</subfield>
   <subfield code="5">DE-18-308</subfield>
  </datafield>
  <datafield tag="583" ind1="1" ind2=" ">
   <subfield code="a">Archivierung/Langzeitarchivierung gewährleistet</subfield>
   <subfield code="f">SSG</subfield>
   <subfield code="2">pdager</subfield>
   <subfield code="5">DE-21</subfield>
  </datafield>
  <datafield tag="655" ind1=" " ind2="7">
   <subfield code="a">Hochschulschrift</subfield>
   <subfield code="0">(DE-588)4113937-9</subfield>
   <subfield code="0">(DE-627)105825778</subfield>
   <subfield code="0">(DE-576)209480580</subfield>
   <subfield code="2">gnd-content</subfield>
  </datafield>
  <datafield tag="689" ind1="0" ind2="0">
   <subfield code="d">g</subfield>
   <subfield code="0">(DE-588)4393373-7</subfield>
   <subfield code="0">(DE-627)19049624X</subfield>
   <subfield code="0">(DE-576)21195229X</subfield>
   <subfield code="a">Kathedrale Langres</subfield>
   <subfield code="2">gnd</subfield>
  </datafield>
  <datafield tag="689" ind1="0" ind2="1">
   <subfield code="d">g</subfield>
   <subfield code="0">(DE-588)4129468-3</subfield>
   <subfield code="0">(DE-627)105709662</subfield>
   <subfield code="0">(DE-576)209610751</subfield>
   <subfield code="a">Burgund</subfield>
   <subfield code="2">gnd</subfield>
  </datafield>
  <datafield tag="689" ind1="0" ind2="2">
   <subfield code="d">s</subfield>
   <subfield code="0">(DE-588)4002851-3</subfield>
   <subfield code="0">(DE-627)104280352</subfield>
   <subfield code="0">(DE-576)208848975</subfield>
   <subfield code="a">Architektur</subfield>
   <subfield code="2">gnd</subfield>
  </datafield>
  <datafield tag="689" ind1="0" ind2="3">
   <subfield code="a">z</subfield>
   <subfield code="2">gnd</subfield>
   <subfield code="a">Geschichte 1100-1200</subfield>
  </datafield>
  <datafield tag="689" ind1="0" ind2=" ">
   <subfield code="5">(DE-627)</subfield>
  </datafield>
  <datafield tag="689" ind1="1" ind2="0">
   <subfield code="d">g</subfield>
   <subfield code="0">(DE-588)4393373-7</subfield>
   <subfield code="0">(DE-627)19049624X</subfield>
   <subfield code="0">(DE-576)21195229X</subfield>
   <subfield code="a">Kathedrale Langres</subfield>
   <subfield code="2">gnd</subfield>
  </datafield>
  <datafield tag="689" ind1="1" ind2=" ">
   <subfield code="5">(DE-627)</subfield>
  </datafield>
  <datafield tag="751" ind1=" " ind2=" ">
   <subfield code="a">Würzburg</subfield>
   <subfield code="0">(DE-588)4067037-5</subfield>
   <subfield code="0">(DE-627)10611073X</subfield>
   <subfield code="0">(DE-576)209167939</subfield>
   <subfield code="4">uvp</subfield>
  </datafield>
  <datafield tag="787" ind1="0" ind2="8">
   <subfield code="i">Rezensiert in</subfield>
   <subfield code="a">Zahn, Eberhard, 1922 - 1989</subfield>
   <subfield code="t">[Rezension von: Wilhelm Schlink, Zwischen Cluny und Clairvaux]</subfield>
   <subfield code="d">1971</subfield>
   <subfield code="w">(DE-627)1838886346</subfield>
  </datafield>
  <datafield tag="787" ind1="0" ind2="8">
   <subfield code="i">Rezensiert in</subfield>
   <subfield code="a">Héliot, Pierre, 1903 - 1984</subfield>
   <subfield code="t">[Rezension von: Wilhelm Schlink, Zwischen Cluny und Clairvaux : die Kathedrale von Langres und die burgundische Architektur des 12. Jahrhunderts]</subfield>
   <subfield code="d">München : Wilhelm Fink Verlag, 1973</subfield>
   <subfield code="w">(DE-627)1577624785</subfield>
   <subfield code="w">(DE-576)507624785</subfield>
  </datafield>
  <datafield tag="787" ind1="0" ind2="8">
   <subfield code="i">Rezension</subfield>
   <subfield code="a">Héliot, Pierre</subfield>
   <subfield code="t">[Rezension von: Schlink, Wilhelm, Zwischen Cluny und Clairvaux, die Kathedrale von Langres und die burgundische Architektur des 12. Jahrhunderts]</subfield>
   <subfield code="d">1973</subfield>
   <subfield code="w">(DE-627)640958842</subfield>
  </datafield>
  <datafield tag="830" ind1=" " ind2="0">
   <subfield code="a">Beiträge zur Kunstgeschichte</subfield>
   <subfield code="v">4</subfield>
   <subfield code="9">4</subfield>
   <subfield code="w">(DE-627)130118680</subfield>
   <subfield code="w">(DE-576)001461788</subfield>
   <subfield code="w">(DE-600)505120-4</subfield>
   <subfield code="x">0175-551X</subfield>
   <subfield code="7">ns</subfield>
  </datafield>
  <datafield tag="856" ind1="4" ind2="2">
   <subfield code="u">http://d-nb.info/458844799/04</subfield>
   <subfield code="m">V:DE-605</subfield>
   <subfield code="q">application/pdf</subfield>
   <subfield code="3">Inhaltsverzeichnis</subfield>
  </datafield>
  <datafield tag="889" ind1=" " ind2=" ">
   <subfield code="w">(DE-627)190718528</subfield>
  </datafield>
  <datafield tag="935" ind1=" " ind2=" ">
   <subfield code="i">mdedup</subfield>
  </datafield>
  <datafield tag="936" ind1="r" ind2="v">
   <subfield code="a">LM 80542</subfield>
   <subfield code="b">romanisch</subfield>
   <subfield code="k">Kunstgeschichte</subfield>
   <subfield code="k">Kunst nach Ländern bzw. Kontinenten</subfield>
   <subfield code="k">Frankreich</subfield>
   <subfield code="k">Französische Kunstgeschichte nach Gattungen</subfield>
   <subfield code="k">Architektur</subfield>
   <subfield code="k">Geschichte der französischen Architektur nach Landschaften (Architekturgeschichte nach Departements in die entsprechenden Landschaften einordnen!)</subfield>
   <subfield code="k">Burgund</subfield>
   <subfield code="k">romanisch</subfield>
   <subfield code="0">(DE-627)1272132625</subfield>
   <subfield code="0">(DE-625)rvk/101373:4</subfield>
   <subfield code="0">(DE-576)202132625</subfield>
  </datafield>
  <datafield tag="936" ind1="r" ind2="v">
   <subfield code="a">LM 34800</subfield>
   <subfield code="b">Langres</subfield>
   <subfield code="k">Kunstgeschichte</subfield>
   <subfield code="k">Kunst nach Ländern bzw. Kontinenten</subfield>
   <subfield code="k">Frankreich</subfield>
   <subfield code="k">Kunsttopografie Frankreichs</subfield>
   <subfield code="k">Alphabetische Liste der französischen Orte</subfield>
   <subfield code="k">Orte L</subfield>
   <subfield code="k">Langres</subfield>
   <subfield code="0">(DE-627)1271306085</subfield>
   <subfield code="0">(DE-625)rvk/101148:</subfield>
   <subfield code="0">(DE-576)201306085</subfield>
  </datafield>
  <datafield tag="936" ind1="b" ind2="k">
   <subfield code="a">21.70</subfield>
   <subfield code="j">Geschichte der Sakralbaukunst</subfield>
   <subfield code="0">(DE-627)106421255</subfield>
  </datafield>
  <datafield tag="951" ind1=" " ind2=" ">
   <subfield code="a">BO</subfield>
  </datafield>
  <datafield tag="990" ind1=" " ind2=" ">
   <subfield code="a">Kathedrale Langres</subfield>
  </datafield>
  <datafield tag="990" ind1=" " ind2=" ">
   <subfield code="a">Burgund</subfield>
  </datafield>
  <datafield tag="990" ind1=" " ind2=" ">
   <subfield code="a">Architektur</subfield>
  </datafield>
  <datafield tag="990" ind1=" " ind2=" ">
   <subfield code="a">Geschichte 1100-1200</subfield>
  </datafield>
  <datafield tag="990" ind1=" " ind2=" ">
   <subfield code="a">Kathedrale Langres</subfield>
  </datafield>
  <datafield tag="991" ind1=" " ind2=" ">
   <subfield code="a">Rezensiertes Werk</subfield>
  </datafield>
  <datafield tag="999" ind1=" " ind2=" ">
   <subfield code="a">KXP-PPN1072668483</subfield>
   <subfield code="e">448574504X</subfield>
  </datafield>
 </record>
</collection>
